Statistics for Identifying Capitals on the Map: North America

Click here to take the quiz!

General Stats

  • This quiz has been taken 30 times
  • The average score is 12 of 23

Answers on the Map

Answers color-coded by a green-red scale on the quiz's map according to % correct below.
 

Answer Stats

Answer% Correct
Washington, D.C.
80%
Guatemala City
73%
Mexico City
73%
Ottawa
73%
Panama City
73%
San Salvador
67%
Belmopan
60%
Havana
60%
Nassau
60%
Port-au-Prince
60%
San José
60%
Santo Domingo
60%
Kingston
53%
Managua
53%
Bridgetown
47%
Port of Spain
47%
Tegucigalpa
47%
Saint George's
40%
Saint John's
40%
Basseterre
33%
Kingstown
20%
Roseau
20%
Castries
13%

Score Distribution

Percentile by Number Answered

Percent of People with Each Score

Your Score History

You have not taken this quiz